[Event "Buenos Aires Simul 2nd"]
[Site "Buenos Aires"]
[Date "2020.02.14"]
[Round "1.6"]
[White "Conde, Adrian"]
[Black "Zamudio, Inaki"]
[Result "1-0"]
[WhiteElo "2111"]
[BlackElo "1747"]
[PlyCount "87"]
[EventDate "2020.02.14"]
[EventType "simul"]
[EventRounds "1"]
[EventCountry "ARG"]
[SourceTitle "EXT 2024"]
[Source "ChessBase"]
[SourceDate "2023.10.10"]
[SourceVersion "1"]
[SourceVersionDate "2023.10.10"]
[SourceQuality "1"]

1. e4 e6 2. d4 d5 3. exd5 exd5 4. Nf3 Nf6 5. Bd3 Bd6 6. 0-0 0-0 7. Bg5 c6 8. Nbd2 Bg4 9. h3 Bh5 10. g4 Bg6 11. Bxg6 fxg6 12. Ne5 Nbd7 13. Re1 Qc7 14. f4 Rac8 15. c3 c5 16. Ndf3 Ne4 17. Nxd7 Qxd7 18. Ne5 Bxe5 19. Rxe4 Bxd4+ 20. Rxd4 cxd4 21. Qxd4 Rc4 22. Qd3 h6 23. Rd1 hxg5 24. Qxc4 gxf4 25. Qxd5+ Qf7 26. Kf2 Kh7 27. Qxf7 Rxf7 28. Kf3 g5 29. Rd5 Kg6 30. Rd6+ Rf6 31. Rd7 Rb6 32. b3 Rc6 33. c4 b5 34. cxb5 Rc3+ 35. Ke4 Re3+ 36. Kd4 Re1 37. Rd6+ Kf7 38. Rd7+ Ke6 39. Rxg7 f3 40. Rg6+ Kd7 41. Rf6 Rd1+ 42. Ke3 Re1+ 43. Kf2 Re2+ 44. Kxf3 1-0